Characters of Misfits? Quiz Stats

 Plays Quiz not verified by Sporcle

Score 0/5 Timer 04:00
0 Plays Today
Power Character % Correct
ImmortalityNathan Young
97.3%
InvisibilitySimon Bellamy
96.5%
TelepathyKelly Bailey
90.1%
Temporal DisplacementCurtis Donovan
84.9%
Sex pheromone manipulationAlisha Dixon
82.7%

You're not logged in!

Compare scores with friends on all Sporcle quizzes.
OR
Log In

Show Comments

Extras

Created Nov 26, 2010ReportNominate
Tags:character, misfit, power

Top Quizzes Today


Score Distribution

Your Account Isn't Verified!

In order to create a playlist on Sporcle, you need to verify the email address you used during registration. Go to your Sporcle Settings to finish the process.

Report this User

Report this user for behavior that violates our Community Guidelines.

Details: